000 00304nam a22001337a 4500
008 170922b xxu||||| |||| 00| 0 eng d
020 _a0534079989
041 _aeng
080 _a37
100 _a46
101 _aEDU
245 _aSTEP Y STEP TO COLLEGE SUCCESS
_cJEWREY.G.S
942 _2udc
_cBK
999 _c29105
_d29105